| 000 | 00381pab a2200145 454500 | ||
|---|---|---|---|
| 008 | 180718b2006 xxu||||| |||| 00| 0 eng d | ||
| 100 | _aKabra, Asmita | ||
| 245 | _aWildlife protection: reintroduction and relocation | ||
| 260 | _c2006 | ||
| 300 | _ap.1309-311. | ||
| 362 | _a8 Apr | ||
| 650 | _aWildlife conservation | ||
| 773 | _aEconomic and Political Weekly | ||
| 909 | _a69344 | ||
| 999 |
_c69344 _d69344 |
||